Click the Correct Artist #1 - Statistics

General Stats
  • This quiz has been taken 50 times
  • The average score is 8 of 10
Answer Stats
Hint Answer % Correct
Painted the ceiling of the Sistine Chapel Michelangelo
96%
Cut off his own ear Van Gogh
96%
Was born in Paris, France Monet
89%
Correctly depicted the position of a human fetus inside of a uterus in 1511 Leonardo da Vinci
78%
Was exiled from Rome after committing murder Caravaggio
73%
Induced hallucinations to create irrational paintings Salvador Dali
73%
Has a living daughter Pablo Picasso
71%
Was gravely injured in a bus accident Frida Kahlo
69%
A term for full-figured women features his name Rubens
69%
Utilized gold-leaf in many of his works Gustav Klimt
62%
No matching quizzes found
Score Distribution
Percent of People with Each Score
Percentile by Number Answered
Your Score History
You have not taken this quiz